01208nam a2200193Ia 4500001001000000003001000010008004100020040002500061041001200086100002400098245007400122250001100196260009200207300001200299500027400311501011400585520027400699650004100973L149-1039IT-CnALBA170116s9999||||xx |||||||||||||| ||und|| aIT-CnALBAcIT-CnALBA aLATINO  aGRANDCLAUDE EUGENIO 0aBREVIARIUM PHILOSOPHIAE SCHOLASTICAE ETHICA ET HISTORIA PHILOSOPHIAE  a1a ed. bSUMTIBUS P. LETHIELLEUX, EDIT. PARISIIS'c1871 [1° Ed.:1871 - Ed.Ling.Originale: 1871] a263 p.  aDIRITTO DI NATURA PRIVATO E PUBBLICO. VOLONTÀ VOLONTARIO LIBERTÀ VIRTÙ MORALITÀ FINE LEGGE COSCIENZA. DOVERI VERSO DIO. DOVERI VERSO SE STESSI. DOVERI VERSO GLI ALTRI. FAMIGLIA SOCIETÀ CIVILE POTESTÀ. LA SOCIETÀ RELIGIOSA. DIRITTO INTERNAZIONALE. BREVE ST aSocietà San Paolo EM - Piazza San Paolo, 14 - 12051 ALBA (CN) (non commercial uses only) ® Copyright 2017 aDIRITTO DI NATURA PRIVATO E PUBBLICO. VOLONTÀ VOLONTARIO LIBERTÀ VIRTÙ MORALITÀ FINE LEGGE COSCIENZA. DOVERI VERSO DIO. DOVERI VERSO SE STESSI. DOVERI VERSO GLI ALTRI. FAMIGLIA SOCIETÀ CIVILE POTESTÀ. LA SOCIETÀ RELIGIOSA. DIRITTO INTERNAZIONALE. BREVE ST aALTRI SISTEMI E DOTTRINE FILOSOFICHE